| 000 | 01548nam a2200289Ia 4500 | ||
|---|---|---|---|
| 999 |
_c49433 _d49433 |
||
| 001 | 16356 | ||
| 003 | GE_BSU | ||
| 005 | 20200407180258.0 | ||
| 008 | 181216s2007ge xx |||||||||||||| ||geo|| | ||
| 020 | _a 978-99940-985-0-7 | ||
| 040 | _cGE_BSU | ||
| 041 | _ageo | ||
| 080 | _a343.9(075.8) კ-84 | ||
| 245 |
_aკრიმინოლოგია = Криминология : _bსახელმძღვ. / _cგ.ა. ავანესოვი ; ს.მ. ინშაკოვი ; ს.ი. ლებედევი ; ნ. ერიაშვილი ; რედ . სერგო ბარამიძე . |
||
| 250 | _aმე-4 გადამუშ. და შევს. გამოც. | ||
| 264 |
_aთბილისი : _bსამართლიანი საქართველო, _c2007. |
||
| 300 |
_a664 გვ;: _c20 სმ. |
||
| 504 | _aბიბლიოგრ. ტექსტ. შენიშვნ. და გვ. 659-660. | ||
| 653 | _aკრიმინოლოგია - სახელმძღვანელოები უმაღლესი სასწავლებლებისათვის; | ||
| 653 | _aსამართალი | ||
| 700 |
_aავანესოვი, გ.ა. _97860 |
||
| 700 |
_aინშაკოვი, ს.მ. _97861 |
||
| 700 |
_a ლებედევი, ს.ი. _97862 |
||
| 700 |
_aერიაშვილი, ნ _93261 |
||
| 700 |
_aბარამიძე, სერგო _eრედაქტორი _97863 |
||
| 942 |
_cBK _2udc |
||